00409cam a2200157ua 4500001000400000008003900004040000900043082001200052245005200064250000900116260003200125300001700157653002300174653003600197700001800233753110419n ii |||gr||||Z||||||eng cMAIN a352.0541 aLocal self government in India.cBy M P Sharma. a6th. aLuknow.:bKitab mahal.,967. a168 p.:5 cm. aPolitical science. aLocal self government in India.1 aSharma, M P.,